000 00578nam a2200217Ia 4500
003 OSt
005 20221007082836.0
006 a|||||r|||| 00| 0
007 ta
008 221006b |||||||| |||| 00| 0 eng d
024 _a30,287
037 _cDissertations
040 _aFLL
_cFLL
_beng
041 _2eng
_aeng
100 _aSudesh Kumar
_9544378
245 0 _aCritical analysis of offences related to dowry inadequacies and legislative mechanism
260 _c2007
300 _ax,128p
_ccm.
942 _cDIS
_2CC
999 _c1167915
_d1167915